[Event "Hannover-ch U16"]
[Site "Lehrte"]
[Date "2008.10.11"]
[Round "2"]
[White "Beyer, Kraft Jr"]
[Black "Nuelle, Christoph"]
[Result "1/2-1/2"]
[WhiteElo "1325"]
[BlackElo "1413"]
[PlyCount "23"]
[EventDate "2008.10.11"]
[EventType "swiss"]
[EventRounds "7"]
[EventCountry "GER"]
[SourceTitle "EXT 2021"]
[Source "ChessBase"]
[SourceDate "2020.10.23"]
[SourceVersion "1"]
[SourceVersionDate "2020.10.23"]
[SourceQuality "1"]

1. e4 e6 2. d4 d5 3. exd5 exd5 4. Nf3 Nf6 5. Nc3 Bd6 6. Bd3 0-0 7. 0-0 Be6 8. Re1 c6 9. Bg5 h6 10. Bxf6 Qxf6 11. Qe2 Bg4 12. h3 1/2-1/2

[Event "Hannover-ch U14"]
[Site "Bueckeburg"]
[Date "2007.11.04"]
[Round "7"]
[White "Goehner, Matthias"]
[Black "Beyer, Kraft Jr"]
[Result "1/2-1/2"]
[WhiteElo "1118"]
[BlackElo "1301"]
[PlyCount "25"]
[EventDate "2007.11.01"]
[EventType "swiss"]
[EventRounds "7"]
[EventCountry "GER"]
[SourceTitle "EXT 2021"]
[Source "ChessBase"]
[SourceDate "2020.10.23"]
[SourceVersion "1"]
[SourceVersionDate "2020.10.23"]
[SourceQuality "1"]

1. e4 c5 2. Bc4 e6 3. Nf3 d6 4. Nc3 Nf6 5. d3 g6 6. Bg5 Bg7 7. 0-0 0-0 8. Re1 e5 9. Nd5 Be6 10. Nxf6+ Bxf6 11. Bxf6 Qxf6 12. Bxe6 Qxe6 13. c4 1/2-1/2

[Event "Hannover-ch U14"]
[Site "Bueckeburg"]
[Date "2007.11.01"]
[Round "1"]
[White "Beyer, Kraft Jr"]
[Black "Hapke, Nils"]
[Result "0-1"]
[WhiteElo "1301"]
[BlackElo "1242"]
[PlyCount "34"]
[EventDate "2007.11.01"]
[EventType "swiss"]
[EventRounds "7"]
[EventCountry "GER"]
[SourceTitle "EXT 2021"]
[Source "ChessBase"]
[SourceDate "2020.10.23"]
[SourceVersion "1"]
[SourceVersionDate "2020.10.23"]
[SourceQuality "1"]

1. e4 e6 2. d4 d5 3. e5 c5 4. c3 Nc6 5. Nf3 Qb6 6. Be2 cxd4 7. cxd4 Nge7 8. b3 Nf5 9. Bb2 Bb4+ 10. Bc3 Bxc3+ 11. Nxc3 Ncxd4 12. Nxd4 Nxd4 13. 0-0 Bd7 14. Qd3 Rc8 15. Rac1 Qb4 16. h3 Rxc3 17. a3 Rxd3 0-1

[Event "Niedersachsen-ch op"]
[Site "Verden"]
[Date "2007.01.04"]
[Round "2"]
[White "Beyer, Kraft Jr"]
[Black "Tenninger, Joerg"]
[Result "1/2-1/2"]
[WhiteElo "1132"]
[BlackElo "1574"]
[PlyCount "65"]
[EventDate "2007.01.04"]
[EventType "swiss"]
[EventRounds "7"]
[EventCountry "GER"]
[SourceTitle "EXT 2021"]
[Source "ChessBase"]
[SourceDate "2020.10.23"]
[SourceVersion "1"]
[SourceVersionDate "2020.10.23"]
[SourceQuality "1"]

1. e4 e6 2. d4 d5 3. e5 c5 4. c3 Nc6 5. Nf3 Nge7 6. Bb5 Qb6 7. Bxc6+ Nxc6 8. 0-0 Be7 9. Be3 0-0 10. Qc2 Bd7 11. Nbd2 Rac8 12. Qb3 Qc7 13. Rfe1 b6 14. Qc2 a5 15. Nb3 c4 16. Nbd2 b5 17. a3 Rb8 18. b3 cxb3 19. Qxb3 Rb6 20. a4 b4 21. c4 dxc4 22. Nxc4 Ra6 23. Red1 Qb8 24. d5 exd5 25. Rxd5 Be6 26. Rd2 Rc8 27. Rc1 Rc7 28. Rdc2 Qc8 29. Bd4 Nd8 30. g3 Bd5 31. Qd3 Rac6 32. Nfd2 Qh3 33. Ne3 1/2-1/2